000 00224nmm a2200085Ia 4500
008 220120s9999||||xx |||||||||||||||||und||
100 _aDigit
245 0 _aSkoar; special, 2 dozen games and demos
260 _aNine dot Nine
_c2013
999 _c139840
_d139840